| 000 | 00479nam a2200169Ia 4500 | ||
|---|---|---|---|
| 003 | 0 | ||
| 005 | 20250429110645.0 | ||
| 008 | 191111s9999 xx 000 0 und d | ||
| 020 | _a9789719810728 | ||
| 050 |
_aQA 37.2 _b.B35 2018 |
||
| 100 | _aBaltazar, Ethel Cecile. | ||
| 245 |
_cEthel Cecile Baltazar.-- _aMathematics in the modern world / |
||
| 260 |
_aQuezon City : _bC & E Publishing, Inc. _c2018 |
||
| 300 | _aviii, 270 pages. | ||
| 650 | _aMathematics | ||
| 942 |
_2lcc _cBK |
||
| 999 |
_c362634 _d362634 |
||